Score 0/14 Timer 02:00
1 Play Today
Clue 4-letter word % Correct
'You can't always get what you ___'WANT
96.8%
Alcoholic drink made of fermented yeast and hopsBEER
96.8%
An edible, dark red vegetableBEET
96.8%
Ernie's yellow buddy on 'Sesame Street'BERT
96%
Only son of FOX's famous yellow cartoon familyBART
94.4%
A Chicago football player, for oneBEAR
92.1%
A castle's aquatic defenseMOAT
91.8%
Clue 4-letter word % Correct
An unforeseen trick is a '___ and switch'BAIT
83.9%
Military movements: Hurry up and ___WAIT
83.5%
French word for 'death'MORT
83.4%
February 2016 was the end of the ___ of the [last rung]羊YEAR羊
82%
Medieval medicinal flower: St. John's ___WORT
80.1%
February 2016 was the end of the [first rung] of the ___羊GOAT羊
79.1%
Habitual way of doing somethingWONT
77.6%

Today's Daily Dose

Remove Ads.
Support Sporcle.
Get the best of Sporcle when you Go Orange. This ad-free experience offers more features, more stats, and more fun while also helping to support Sporcle. Thank you for becoming a member.

You're not logged in!

Compare scores with friends on all Sporcle quizzes.
OR
Log In

Show Comments

Extras

Top Quizzes Today


Score Distribution

Your Account Isn't Verified!

In order to create a playlist on Sporcle, you need to verify the email address you used during registration. Go to your Sporcle Settings to finish the process.

Report this User

Report this user for behavior that violates our Community Guidelines.

Details: